|
|
|
|
| LEADER |
00000nam0a2200000 4500 |
| 001 |
91180 |
| 005 |
20231031103928.0 |
| 020 |
|
|
|a RU
|b 85-34996
|
| 035 |
|
|
|a (RuTPU)RU\TPU\book\97763
|
| 090 |
|
|
|a 91180
|
| 100 |
|
|
|a 20060221d1985 m y0rusy5003 ca
|
| 101 |
0 |
|
|a rus
|
| 102 |
|
|
|a RU
|
| 105 |
|
|
|a a z 001zy
|
| 200 |
1 |
|
|a Методы геофизики в гидрогеологии и инженерной геологии
|f Всесоюзный научно-исследовательский институт гидрогеологии и инженерной геологии; сост. Н. Н. Горяинов; Н. Н. Шарапанов; В. Н. Чубаров; Б. В. Боревский; Н. М. Варламов
|
| 210 |
|
|
|a Москва
|c Недра
|d 1985
|
| 215 |
|
|
|a 184 с.
|c ил.
|
| 320 |
|
|
|a Библиогр.: с. 181-183.
|
| 610 |
1 |
|
|a геофизика
|
| 610 |
1 |
|
|a гидрогеология
|
| 610 |
1 |
|
|a инженерная геология
|
| 610 |
1 |
|
|a геофизические методы
|
| 610 |
1 |
|
|a применение
|
| 610 |
1 |
|
|a геофизические исследования
|
| 675 |
|
|
|a 556.3.042
|v 3
|
| 675 |
|
|
|a 624.131.32
|v 3
|
| 702 |
|
1 |
|a Горяинов
|b Н. Н.
|g Николай Николаевич
|4 220
|
| 702 |
|
1 |
|a Шарапанов
|b Н. Н.
|4 220
|
| 702 |
|
1 |
|a Чубаров
|b В. Н.
|4 220
|
| 702 |
|
1 |
|a Боревский
|b Б. В.
|4 220
|
| 702 |
|
1 |
|a Варламов
|b Н. М.
|4 220
|
| 712 |
0 |
2 |
|a Всесоюзный научно-исследовательский институт гидрогеологии и инженерной геологии
|2 stltpush
|3 (RuTPU)RU\TPU\col\2061
|
| 801 |
|
0 |
|a RU
|b RuMRKP
|c 19950704
|g psbo
|
| 801 |
|
1 |
|a RU
|b 63413507
|c 20060221
|g PSBO
|
| 801 |
|
2 |
|a RU
|b 63413507
|c 20070417
|g PSBO
|
| 942 |
|
|
|c BK
|